Pixel Art Mystery Picture - Flags - Statistics

General Stats
  • This quiz has been taken 27,536 times
  • The average score is 14 of 18
Answers on the Map
Answers color-coded by a green-red scale on the quiz's map according to % correct below.
 
Answer Stats
Group Hint Answer % Correct
Question South Korea
99%
Question Turkey
97%
Question Ukraine
96%
Question Iceland
93%
Question Lebanon
91%
Flag South Africa
90%
Question Kenya
88%
Question Barbados
82%
Question Uganda
78%
Question Dominican Republic
77%
Question Tanzania
71%
Question Lesotho
65%
Question Myanmar
65%
Question Maldives
64%
Question Malawi
61%
Flag Cape Verde
57%
Question Guinea
54%
Question Equatorial Guinea
50%
No matching quizzes found
Score Distribution
Percent of People with Each Score
Percentile by Number Answered
Your Score History
You have not taken this quiz